00341nam a2200121Ia 4500008004100000245007800041260001700119260000900136300000900145650002300154650001200177856003000189170516s9999 xx 000 0 und d aImaging Nanotherapeutics in Inflamed Vasculature by Intravital Microscopy bTheranostics c2016 a6:13 xMedical Technology xMedtech uhttp://www.thno.org/v6i13